000 00427nam a2200181Ia 4500
001 14464
005 20260306164916.0
008 260306t2010||||xx |||||||||||||| ||spa||
041 _aESP
082 _a515.1
_bH411 V. 2
100 _aHaaser, Norman B.
_eAUT
245 0 _aAnálisis matemático:
_bcurso intermedio
260 _c2010
300 _a
_c23 cm.
650 _aGEN
654 _aCMA
942 _cLIB
_dJUS
_fJUS
_2ddc
_n
999 _c14464
_d14464